| Tag |
First Indicator |
Second Indicator |
Subfields |
| LEADER |
00000cam a2200000 i 4500 |
| 001 |
in00004651925 |
| 008 |
220921t20232023enk b 001 0 eng |
| 005 |
20250318222158.4 |
| 010 |
|
|
|a 2022045863
|
| 020 |
|
|
|a 9781032349220
|
| 020 |
|
|
|a 1032349220
|q hardcover
|
| 020 |
|
|
|a 9781032349237
|q paperback
|
| 020 |
|
|
|a 1032349239
|q paperback
|
| 020 |
|
|
|z 9781003324485
|q electronic book
|
| 035 |
|
|
|a (OCoLC)on1345466077
|
| 035 |
|
|
|a (OCoLC)1345466077
|
| 040 |
|
|
|a DLC
|b eng
|e rda
|c DLC
|d OCLCF
|d YDX
|
| 042 |
|
|
|a pcc
|
| 043 |
|
|
|a a-ii---
|a e-uk---
|
| 050 |
0 |
0 |
|a DS478
|b .D67 2023
|
| 082 |
0 |
0 |
|a 954.03/15
|2 23/eng/20220921
|
| 100 |
1 |
|
|a Doss, M. Christhu,
|e author.
|
| 245 |
1 |
0 |
|a India after the 1857 revolt :
|b decolonizing the mind /
|c M. Christhu Doss.
|
| 264 |
|
1 |
|a Abingdon, Oxon ;
|a New York, NY :
|b Routledge, Taylor & Francis Group,
|c 2023.
|
| 264 |
|
4 |
|c ©2023
|
| 300 |
|
|
|a xxix, 221 pages ;
|c 25 cm.
|
| 336 |
|
|
|a text
|b txt
|2 rdacontent
|
| 337 |
|
|
|a unmediated
|b n
|2 rdamedia
|
| 338 |
|
|
|a volume
|b nc
|2 rdacarrier
|
| 490 |
1 |
|
|a Routledge studies in the modern history of Asia
|
| 504 |
|
|
|a Includes bibliographical references and index.
|
| 520 |
|
|
|a "Weaving together the varied and complex strands of anti-colonial nationalism into one compact narrative, Christhu Doss takes an incisive look at the deeper and wider historical process of decolonisation in India. In India After the 1857 Revolt, Doss brings together some of the most cutting-edge thoughts by challenging the cultural project of colonialism and critically examining the multidimensional aspects of decolonisation during and after the 1857 revolt. He demonstrates that the deep-rooted popular discontent among the Indian masses followed by the revolt generated a distinctive form of decolonisation movement-redemptive nationalism that challenged both the supremacy of the British raj and the cultural imperatives of the controversial proselytising missionary agencies. Doss argues that the quests for decolonisation (of mind) that got triggered by the revolt, were further intensified by the Indocentric national education; the historic Chicago discourse of Swami Vivekananda; the nonviolent anti-colonial struggles of Mahatma Gandhi; the seditious political activism displayed by the Western Gandhian missionary satyagrahis and the de-Westernisation endeavours of the sandwiched Indian Christian nationalists. A compelling read for historians, political scientists, and sociologists, it is refreshingly an indispensable guide to all those who are interested in anticolonial struggles and decolonisation movements worldwide"--
|c Provided by publisher.
|
| 651 |
|
0 |
|a India
|x Politics and government
|y 1765-1947.
|
| 650 |
|
0 |
|a Nationalism
|z India
|x History
|y 19th century.
|
| 651 |
|
0 |
|a India
|x History
|x Autonomy and independence movements.
|
| 651 |
|
0 |
|a Great Britain
|x Colonies
|x History
|y 19th century.
|
| 651 |
|
0 |
|a India
|x History
|y Sepoy Rebellion, 1857-1858.
|
| 650 |
|
7 |
|a Autonomy and independence movements.
|2 fast
|0 (OCoLC)fst01736040
|
| 650 |
|
7 |
|a British colonies.
|2 fast
|0 (OCoLC)fst01910374
|
| 650 |
|
7 |
|a Nationalism.
|2 fast
|0 (OCoLC)fst01033832
|
| 650 |
|
7 |
|a Politics and government.
|2 fast
|0 (OCoLC)fst01919741
|
| 651 |
|
7 |
|a India.
|2 fast
|0 (OCoLC)fst01210276
|
| 647 |
|
7 |
|a Sepoy Rebellion
|c (India :
|d 1857-1858)
|2 fast
|0 (OCoLC)fst01354692
|
| 648 |
|
7 |
|a 1765-1947
|2 fast
|
| 655 |
|
7 |
|a History.
|2 fast
|0 (OCoLC)fst01411628
|
| 776 |
0 |
8 |
|i Online version:
|a Doss, M. Christhu.
|t India after the 1857 revolt
|d Abingdon, Oxon ; New York : Routledge, 2023
|z 9781003324485
|w (DLC) 2022045864
|
| 830 |
|
0 |
|a Routledge studies in the modern history of Asia.
|
| 852 |
8 |
|
|b pda,print
|z This title is available for the library to purchase for your use. Click the "Purchase It For Me" button to place a request. This item may take 5-10 business days to arrive.
|
| 955 |
|
|
|a Print PDA title
|
| 961 |
|
|
|m 565730
|
| 999 |
f |
f |
|s 737396ea-a935-4608-8570-d4aba9eed2aa
|i a2bcacab-1e3c-4b0a-9ce5-5bd6c309c533
|t 0
|
| 952 |
f |
f |
|a Texas A&M University
|b College Station
|c Sterling C. Evans Library
|d Purchase on Demand
|t 0
|e DS478 .D67 2023
|h Library of Congress classification
|
| 998 |
f |
f |
|a DS478 .D67 2023
|t 0
|l Purchase on Demand
|